[Event "Collado Villalba op-B 36th"]
[Site "Collado Villalba"]
[Date "2019.08.23"]
[Round "1"]
[White "Fernandez Garcia, Emiliano"]
[Black "Medrano del Val, Julio"]
[Result "0-1"]
[WhiteElo "1530"]
[BlackElo "1789"]
[PlyCount "76"]
[EventDate "2019.08.23"]
[EventType "swiss"]
[EventRounds "9"]
[EventCountry "ESP"]
[SourceTitle "CBM 192 Extra"]
[Source "Chessbase"]
[SourceDate "2019.11.06"]
[SourceVersion "1"]
[SourceVersionDate "2019.11.06"]
[SourceQuality "1"]

1. d4 Nf6 2. Nc3 d5 3. Bg5 e6 4. e4 dxe4 5. Nxe4 Be7 6. Bxf6 Bxf6 7. Nf3 Be7 8. Bd3 Nd7 9. Qd2 c6 10. Qf4 Nf6 11. Nxf6+ Bxf6 12. c3 c5 13. 0-0 g6 14. Rad1 0-0 15. Rfe1 Bg7 16. Ne5 Qf6 17. Qg3 Qd8 18. Re3 Qd5 19. Bc4 Bxe5 20. Qxe5 Qxc4 21. b3 Qd5 22. Qf6 Qd8 23. Qe5 f6 24. Qg3 Rf7 25. h4 Qc7 26. Qf3 Bd7 27. g4 Re8 28. h5 gxh5 29. gxh5 Rg7+ 30. Kh1 Qd8 31. Qf4 Bc8 32. Rg3 Qd5+ 33. Kh2 Qxh5+ 34. Kg2 Qxd1 35. Rxg7+ Kxg7 36. Qc7+ Kf8 37. Qxh7 Qg4+ 38. Kf1 Qg7 0-1

[Event "Colmenarejo Autumn op 25th"]
[Site "Colmenarejo"]
[Date "2018.10.07"]
[Round "4"]
[White "Bahillo Vallejo, Ignacio"]
[Black "Fernandez Garcia, Emiliano"]
[Result "1-0"]
[WhiteElo "1415"]
[BlackElo "1545"]
[PlyCount "99"]
[EventDate "2018.09.16"]
[EventType "swiss"]
[EventRounds "7"]
[EventCountry "ESP"]
[SourceTitle "CBM 187 Extra"]
[Source "ChessBase"]
[SourceDate "2018.11.04"]
[SourceVersion "1"]
[SourceVersionDate "2018.11.04"]
[SourceQuality "1"]

1. b3 d5 2. Bb2 Nf6 3. e3 Bf5 4. d4 e6 5. Bd3 Bxd3 6. Qxd3 Nbd7 7. Nf3 Be7 8. Nbd2 c6 9. 0-0 0-0 10. c4 a5 11. a4 Re8 12. Rac1 Bb4 13. Bc3 Bxc3 14. Rxc3 c5 15. Rc2 Rc8 16. Qe2 e5 17. dxe5 Nxe5 18. Nxe5 Rxe5 19. Nf3 Re7 20. Rd1 d4 21. Qd3 Rd7 22. exd4 Qb6 23. d5 Re8 24. Rcc1 Qb4 25. Qc3 Qb6 26. Re1 Rde7 27. Rxe7 Rxe7 28. Re1 Rxe1+ 29. Nxe1 Qc7 30. f3 Kf8 31. Qe3 b6 32. Nd3 Nd7 33. Qf4 Qxf4 34. Nxf4 Ne5 35. Ne2 Ke7 36. Kf2 Kd6 37. Ke3 f5 38. h3 g5 39. g3 Ng6 40. f4 h6 41. fxg5 hxg5 42. Nc3 Ne5 43. Nb5+ Kd7 44. h4 gxh4 45. gxh4 Nf7 46. Kf4 Nh6 47. Nc3 Kd6 48. Ne2 Ke7 49. Ng3 Kf6 50. d6 1-0

[Event "Colmenarejo Autumn op 25th"]
[Site "Colmenarejo"]
[Date "2018.09.23"]
[Round "2"]
[White "Rapaport, Andres Natalio"]
[Black "Fernandez Garcia, Emiliano"]
[Result "0-1"]
[WhiteElo "1277"]
[BlackElo "1545"]
[PlyCount "109"]
[EventDate "2018.09.16"]
[EventType "swiss"]
[EventRounds "7"]
[EventCountry "ESP"]
[SourceTitle "CBM 187 Extra"]
[Source "ChessBase"]
[SourceDate "2018.11.04"]
[SourceVersion "1"]
[SourceVersionDate "2018.11.04"]
[SourceQuality "1"]

1. e4 c5 2. Nf3 e6 3. Bb5 a6 4. Bc4 b5 5. Be2 Bb7 6. d3 Be7 7. 0-0 Qc7 8. Re1 d6 9. Bf4 Nd7 10. Bf1 Ngf6 11. e5 Nd5 12. exd6 Bxd6 13. Bxd6 Qxd6 14. Nbd2 0-0 15. Ne4 Qc7 16. g3 Rfd8 17. Bg2 c4 18. d4 Re8 19. c3 Rad8 20. Qc2 N7f6 21. Nxf6+ Nxf6 22. Re5 Bd5 23. Rae1 Qb7 24. Nh4 Bxg2 25. Nxg2 Rd5 26. Nf4 Rxe5 27. Rxe5 h6 28. Nh5 Nxh5 29. Rxh5 Rd8 30. Re5 Rd5 31. Qe4 Qd7 32. f4 f5 33. Rxd5 Qxd5 34. Qxd5 exd5 35. Kf2 Kf7 36. Kf3 h5 37. h3 Kf6 38. g4 hxg4+ 39. hxg4 g5 40. Kg3 a5 41. gxf5 Kxf5 42. fxg5 Kxg5 43. Kf3 Kf5 44. Ke3 Kg4 45. Ke2 Kf4 46. Kd2 Kf3 47. Kc2 Ke2 48. b3 a4 49. bxc4 bxc4 50. Kb2 Kd2 51. Ka3 Kxc3 52. Kxa4 Kb2 53. Kb4 c3 54. a4 c2 55. a5 0-1

[Event "Madrid San Viator op-B 29th"]
[Site "Madrid"]
[Date "2017.11.01"]
[Round "7"]
[White "Castro Uceda, Jose Antonio"]
[Black "Fernandez Garcia, Emiliano"]
[Result "1-0"]
[WhiteElo "1636"]
[BlackElo "1537"]
[PlyCount "107"]
[EventDate "2017.09.17"]
[EventType "swiss"]
[EventRounds "9"]
[EventCountry "ESP"]
[SourceTitle "EXT 2019"]
[Source "ChessBase"]
[SourceDate "2018.10.10"]
[SourceVersion "1"]
[SourceVersionDate "2018.10.10"]
[SourceQuality "1"]

1. e4 c6 2. d4 d5 3. exd5 cxd5 4. Nf3 Bg4 5. Be2 Nf6 6. Ne5 Bxe2 7. Qxe2 a6 8. 0-0 e6 9. Bg5 Be7 10. Nd2 Nbd7 11. Rfe1 h6 12. Bh4 0-0 13. c4 dxc4 14. Ndxc4 Rc8 15. Rad1 Nd5 16. Bxe7 Qxe7 17. Nxd7 Qxd7 18. Ne5 Qc7 19. g3 Rfd8 20. Qf3 Qe7 21. Rc1 Nf6 22. Qe3 Qb4 23. b3 Rxc1 24. Rxc1 Qxd4 25. Qxd4 Rxd4 26. Rc8+ Kh7 27. Nxf7 Kg6 28. Nd8 Rd2 29. Nxe6 Rxa2 30. Rc7 b5 31. Rxg7+ Kf5 32. Nd4+ Ke4 33. Rg6 Nd5 34. Rg4+ Kd3 35. Nf5 Nf6 36. Rf4 h5 37. h3 Kc3 38. Rf3+ Kb4 39. Ng7 Ne4 40. Nxh5 Nd2 41. Rf4+ Kxb3 42. g4 a5 43. g5 a4 44. g6 Ra1+ 45. Kg2 Re1 46. g7 Re8 47. Rf8 Rxf8 48. gxf8Q a3 49. Qf7+ Nc4 50. Qf3+ Ka4 51. Qd1+ Kb4 52. Nf4 Ka5 53. Qb3 Ka6 54. h4 1-0

[Event "Madrid San Viator op-B 29th"]
[Site "Madrid"]
[Date "2017.09.24"]
[Round "2"]
[White "Fernandez Garcia, Emiliano"]
[Black "Navarro Gonzalez, Jaime"]
[Result "1/2-1/2"]
[WhiteElo "1537"]
[BlackElo "1748"]
[PlyCount "94"]
[EventDate "2017.09.17"]
[EventType "swiss"]
[EventRounds "9"]
[EventCountry "ESP"]
[SourceTitle "EXT 2019"]
[Source "ChessBase"]
[SourceDate "2018.10.10"]
[SourceVersion "1"]
[SourceVersionDate "2018.10.10"]
[SourceQuality "1"]

1. d4 Nf6 2. Bf4 g6 3. Nf3 Bg7 4. e3 0-0 5. Be2 Re8 6. h3 c5 7. c3 b6 8. 0-0 Bb7 9. Nbd2 d6 10. Bh2 Nbd7 11. Re1 Ne4 12. Qc2 Nxd2 13. Nxd2 Rc8 14. Qa4 Bc6 15. Bb5 Bxb5 16. Qxb5 Nb8 17. a4 d5 18. Bxb8 Rxb8 19. b3 Qc7 20. Rac1 e5 21. dxe5 Qxe5 22. Nf3 Qe4 23. Red1 Rbd8 24. Qc6 Qe6 25. Qxe6 fxe6 26. c4 d4 27. exd4 cxd4 28. Rc2 e5 29. Rcd2 Bh6 30. Re2 Bg7 31. Kf1 Bf6 32. Re4 d3 33. Ke1 Re6 34. Kd2 Be7 35. Kc3 Bc5 36. Rxd3 Rxd3+ 37. Kxd3 Bxf2 38. Rxe5 Rd6+ 39. Rd5 Re6 40. Rd8+ Kg7 41. Rd7+ Kh6 42. Kc3 a5 43. Rd3 Bc5 44. Nd4 Rf6 45. Nf3 Re6 46. Nd4 Re1 47. Nc2 Re2 1/2-1/2

[Event "Madrid-ch Previa-B"]
[Site "Madrid"]
[Date "2017.02.17"]
[Round "6"]
[White "Fernandez Garcia, Emiliano"]
[Black "Ghavami, Mahmoud"]
[Result "0-1"]
[WhiteElo "1541"]
[BlackElo "1586"]
[PlyCount "84"]
[EventDate "2017.02.02"]
[EventType "swiss"]
[EventRounds "9"]
[EventCountry "ESP"]
[SourceTitle "EXT 2018"]
[Source "ChessBase"]
[SourceDate "2017.10.13"]
[SourceVersion "1"]
[SourceVersionDate "2017.10.13"]
[SourceQuality "1"]

1. d4 Nf6 2. c4 g6 3. Nc3 c6 4. e4 d5 5. cxd5 cxd5 6. e5 Ng8 7. Nf3 e6 8. Bd2 Nc6 9. a3 Bd7 10. Be2 Rc8 11. 0-0 a6 12. b4 Qb6 13. Na4 Qd8 14. Nc5 Qc7 15. Qb3 Na7 16. a4 Ne7 17. Rfc1 Nf5 18. Nxa6 Qd8 19. Rxc8 Bxc8 20. Nc5 Bg7 21. a5 0-0 22. Rc1 Nh4 23. g3 Nxf3+ 24. Qxf3 f6 25. Qc3 fxe5 26. dxe5 Nc6 27. f4 Ne7 28. a6 bxa6 29. Bxa6 Qb6 30. Be2 Nf5 31. Kg2 Rd8 32. Qb3 Nd4 33. Qd3 Nxe2 34. Qxe2 Re8 35. b5 Bf8 36. Be3 Bxc5 37. Bxc5 Qa5 38. b6 Bb7 39. Qb2 Ra8 40. Bd6 d4+ 41. Kf2 Qd5 42. Ke1 Ra2 0-1